00321 a2200133 4500003000400000005001700004008004100021020001800062040000900080082002000089245004200109260002700151300000900178OSt20231109121402.0231109b |||||||| |||| 00| 0 eng d a9789392455124 coclc a894.8121bTHA/D aDiaspora /bEditor Dr. Ummer Tharamel aKerala:bGrace,c2023. a218p